Score 0/47 Timer 08:00
0 Plays Today
Tourist destination Country % Correct
Buckingham PalaceUK
88.4%
Arc de TriompheFrance
84.2%
Red Light DistrictNetherlands
81.8%
Casino de Monte CarloMonaco
80.9%
TransylvaniaRomania
80.5%
Sistine ChapelVatican
76.4%
LaplandFinland
69.1%
Placa de CatalunyaSpain
68.4%
St James's Gate BreweryIreland
63.8%
DubrovnikCroatia
61.6%
OdesaUkraine
58.5%
Bolshoi TheatreRussia
58.5%
Checkpoint CharlieGermany
57.9%
GotlandSweden
55.5%
Black Sea CoastBulgaria
55.2%
Grand BazaarTurkey
54%
Schloss Mirabell & GartenAustria
53.5%
BirkenauPoland
50.3%
JungfrauSwitzerland
49.1%
Frederiksborg SlotDenmark
46.4%
The Old Chocolate HouseBelgium
46.2%
Ionian CoastAlbania
40.3%
OtepääEstonia
39.7%
Charles BridgeCzech Republic
38%
Tourist destination Country % Correct
Bryggen DistrictNorway
33.2%
Monte TitanoSan Marino
30.9%
Blue GrottoItaly
30.7%
Spiš CastleSlovakia
30.7%
Gutenberg CastleLiechtenstein
30.5%
Baščaršija squareBosnia and Herzegovina
25.9%
Paradise BeachGreece
24.4%
SintraPortugal
23.7%
Bill Clinton BoulevardeKosovo
23.6%
Lake BohinjSlovenia
22%
Hâncu monasteryMoldova
21%
Lővér HillsHungary
20.9%
Hill of CrossesLithuania
20.7%
GrandvaliraAndorra
18.8%
Vianden CastleLuxembourg
18.8%
Temple of Saint SavaSerbia
18.7%
River VardarMacedonia
18%
Cape KolkaLatvia
17.1%
Victory SquareBelarus
15.3%
Durmitor National ParkMontenegro
15.2%
PerlanIceland
13.8%
HypogeumMalta
13.4%
Kool ClubCyprus
10.9%

You're not logged in!

Compare scores with friends on all Sporcle quizzes.
OR
Log In

Sporcle TV

Today on Sporcle TV


Watch our educational content, quiz creation guides, and fun videos on Sporcle TV.

Show Comments

Extras

Top Quizzes Today


Score Distribution

Paid Content

Your Account Isn't Verified!

In order to create a playlist on Sporcle, you need to verify the email address you used during registration. Go to your Sporcle Settings to finish the process.

Report this User

Report this user for behavior that violates our Community Guidelines.

Details: